| 000 | 00845cam a22002653a 4500 | ||
|---|---|---|---|
| 001 | 10549 | ||
| 003 | PGUSA | ||
| 005 | 20140828083226.0 | ||
| 008 | 031201s2003||||xxu|||||s|||||000 1 eng d | ||
| 040 |
_aPGUSA _beng |
||
| 042 | _adc | ||
| 050 | 4 | _aPS | |
| 100 | 1 |
_aChild, Lydia Maria, _d1802-1880 |
|
| 245 | 1 | 2 |
_aA Romance of the Republic _h[electronic resource] / _cLydia Maria Child |
| 260 |
_bProject Gutenberg, _c2003 |
||
| 506 | _aPublic domain in the USA. | ||
| 516 | _aElectronic text | ||
| 653 | _aUnited States -- Social conditions -- 1865-1918 -- Fiction | ||
| 653 | _aInterracial marriage -- United States -- Fiction | ||
| 653 | _aRacism -- United States -- Fiction | ||
| 653 | _aSlavery -- United States -- Fiction | ||
| 830 | 0 |
_aProject Gutenberg _v10549 |
|
| 856 | 4 | 0 | _uhttp://www.gutenberg.org/ebooks/10549 |
| 942 | _cEB | ||
| 999 |
_c239804 _d239804 |
||